000 00734nab a2200217u 4500
001 19184
003 HDC
007 c| |||a|c|aaaa
008 210226b20110731my ||||o |||| 00| 0 eng d
040 _aHDC
245 0 _aOman: A'Saffa Foods hosts visit by Arab Investment and Development Agricultural Authority
336 _atext
_2rdacontent
337 _acomputer
_2rdamedia
338 _aonline resource
_2rdacarrier
650 _aA'Saffa Foods
_917717
650 _aKhareef Festival
_917718
856 _zRequest full-text at [email protected]
942 _2lcc
942 _cNEWS
942 _kNWS0 003510
999 _c16500
_d16500